| 000 | 00612nam a2200205Ia 4500 | ||
|---|---|---|---|
| 020 | _a9251050163 | ||
| 040 | _cOSU | ||
| 082 | _a338 FOO 2003 A079 Or. | ||
| 100 | 1 | _aSharp, Gary D. | |
| 245 | 1 | 0 |
_aFuture climate change and regional fisheries : _ba collaborative analysis / |
| 260 |
_aRome : _bFood and Agriculture Organization of the United Nations, _cc2003 |
||
| 300 |
_av, 75 p. : _bill. (some col.) ; _c30 cm |
||
| 490 | 1 | _aFAO fisheries technical paper, | |
| 650 | 0 | _aFisheries | |
| 650 | 0 | _aFisheries | |
| 650 | 0 | _aFisheries | |
| 650 | 0 | _aClimatic changes | |
| 650 | 0 | _aGlobal warming | |
| 942 | _cEK | ||
| 999 |
_c15735 _d15735 |
||